000 00343 a2200109 4500
001 ART_30877
005 20260410162004.0
008 260409a
245 1 0 _aMás instrumentos y metas más amplias para el desarrollo
100 1 _aStiglitz, Joseph E.
773 0 _tInstituciones y desarrollo
_g- Nº 1 (oct. 1998)
_wREV30868
999 _c31563
_d31563